000 00553nam a2200193Ia 4500
003 OSt
005 20260508151536.0
008 210210b1992 xxu||||| |||| 00| 0 eng d
040 _cAL
041 _aKannada
082 _a070.44K NIRS
100 _aNIRANJANA (Vanalli).
_dನಿರಂಜನ (ವಾನಳ್ಳಿ)
_9263655
245 _aSuddiyaste alla.
_bಸುದ್ದಿಯಷ್ಟೇ ಅಲ್ಲ.
260 _aBengaluru
_bNew Star Publications
_c1992
300 _a168
690 _aJournalism
_9263656
906 _a046542
942 _2ddc
_cBK
999 _c95924
_d95924